000 01546nam a2200337 i 4500
003 DO-SdBNP
005 20250402113610.0
007 ta
008 250402b2024 dr a c 000 0 spa d
020 _a9789945245523
040 _aDO-SdBNP
_bspa
_cBNPHU
_erda
082 4 _axxx
_bF953
_222
100 1 _aFuei Liao , Yuan
_977949
_eautor
_4aut.
245 1 4 _aTuit-ficciones /
_cYuan Fuei Liao ; edición, Jorge Luis Zamora ; corrección de estilo, Gisela Vargas Ortega
250 _aPrimera edición
264 4 _aSanto Domingo :
_bSantillana Infantil y Juvenil,
_c©2024.
300 _a93 páginas :
_bilustraciones :
_c20 cm.
336 _atexto
_btxt
_2rdacontent
337 _asin mediación
_bn
_2rdamedia
338 _avolumen
_bnc
_2rdacarrier
490 0 _aLoqueleo
490 0 _aAzul
_aMinificción
_v12
500 _aIncluye datos biográficos del autor en las páginas 92-93.
520 _aDesde crisis de identidad hasta reflexiones sobre la existencia misma, las historias contenidas en esta obra nos invitan a reflexionar sobre temas universales de una manera nueva y sorprendente. La brevedad de cada relato permite una lectura ágil y dinámica, mientras que su intensidad invita a una reflexión más profunda sobre la naturaleza humana y el mundo que nos rodea.
521 _aJóvenes a partir de 12 años.
590 _aInventariado, 2025/ YL
700 1 _aZamora, Jorge Luis,
_eedición
_942960
_4ed.
700 1 _aVargas Ortega, Gisela,
_ecorrección de estilo
_965096
_4corr.
910 _aYLockward
942 _2ddc
_cLBS1
999 _c58559
_d58559